古希腊神话和罗马神话中的众神(Gods in Ancient Greek and Roman Mythology) - Statistics

General Stats
  • This quiz has been taken 29 times
    24 since last reset
  • The average score is 14 of 30
Answer Stats
名称 名称 % Correct
众神的统治者,天空与雷霆之神 宙斯
100%
智慧、技艺、战争、战略女神 雅典娜
95%
光明、治愈、音乐、预言、射箭、太阳之神 阿波罗
90%
海洋、地震和海啸之神 波塞冬
86%
冥界、死者和地下财富之神 哈迪斯
86%
众神之后,婚姻和家庭女神 赫拉
76%
战争、暴力和血腥之神 阿瑞斯
67%
爱与美和欲望女神 维纳斯
67%
传令神(众神使者)兼冥界引导者,旅行、盗窃、体育、道路之神 赫尔墨斯
62%
爱与美和欲望女神 阿芙洛狄忒
57%
工匠、火和锻造之神 赫淮斯托斯
57%
众神的统治者,天空与雷霆之神 朱庇特
57%
纯洁、艺术、知识、守护、治愈、月亮女神 阿尔忒弥斯
52%
酒、庆典和狂欢之神,戏剧艺术的守护神 狄俄尼索斯
52%
伟大的半神英雄,宙斯和阿尔克墨涅之子 赫拉克勒斯
52%
生育、农业、自然和季节女神 德墨忒尔
33%
众神之后,婚姻和家庭女神 朱诺
33%
战争、暴力和血腥之神 玛尔斯
33%
传令神(众神使者)兼冥界引导者,旅行、盗窃、体育、道路之神 墨丘利
33%
灶火、正序家务和家庭女神 赫斯提亚
29%
海洋、地震和海啸之神 尼普顿
29%
智慧、技艺、战争、战略女神 密涅瓦
29%
光明、治愈、音乐、预言、射箭、太阳之神 阿波罗/福玻斯
29%
纯洁、艺术、知识、守护、治愈、月亮女神 狄安娜
29%
冥界、死者和地下财富之神 普鲁图斯
29%
工匠、火和锻造之神 武尔坎努斯或伏尔甘
14%
灶火、正序家务和家庭女神 维斯塔
14%
生育、农业、自然和季节女神 刻瑞斯
10%
酒、庆典和狂欢之神,戏剧艺术的守护神 巴克科斯/巴库斯
10%
伟大的半神英雄,宙斯和阿尔克墨涅之子,大力神 赫丘利
10%
No matching quizzes found
Score Distribution
Percent of People with Each Score
Percentile by Number Answered
Your Score History
You have not taken this quiz since the last reset